000 00636nam a2200133Ia 4500
008 171212s9999 xx 000 0 und d
020 _a9780833032898
100 _aJohnson, Stuart E.;Libicki, Martin C.;Treverton, Gregory F.
245 _cJohnson, Stuart E.;Libicki, Martin C.;Treverton, Gregory F.
_aNew Challenges, New Tools for Defense Decisionmaking
260 _bRAND Corporation
_c2003
650 _aPolitical Science
650 _aUnited States -- Military policy -- Decision making; National security -- United States; United States -- Defenses; World politics -- 21st century
856 _uwww.jstor.org/stable/10.7249/mr1576rc
999 _c352364
_d352364